000 00434nam a2200121Ia 4500
008 171212s9999 xx 000 0 und d
020 _a9781921536540
245 _ceditor Chan, Amy;Noble, Alistair
_aSounds in Translation
_bIntersections of music, technology and society
260 _bANU E Press
_c2009
650 _aAnthropology
650 _aSound; Music -- Acoustics and physics
856 _uwww.jstor.org/stable/10.2307/j.ctt24h8f6
999 _c351318
_d351318